000 00751nam a2200217 a 4500
001 000016695
005 20240410201343.0
008 100309s2001 dr ac 001 0 spa d
040 _aDO-SdBNP
_bspa
_cBNPHU
082 _a615.535
_bP192t
100 1 _aPaniagua, Alejandro Darío Altagracia
_937048
245 1 0 _aTemas naturales :
_b(este no es un tema para expertos) /
_cAlejandro Darío Altagracia Paniagua.
260 _aSanto Domingo :
_b[s.n.],
_c2001.
300 _a365 p. :
_bil., retrs. ;
_c21 cm.
504 _aBibliografía: p. 363-365.
590 _aInventariado, 2018/LP
650 4 _aNaturismo
_937049
650 0 _aMedicina alternativa
_937050
650 4 _aTerapeutica fisiológica
_937051
910 _aValidado. Control de calidad EMS
999 _c16228
_d16228